000 00605nam a2200241Ia 4500
003 OSt
005 20221006151854.0
006 a|||||r|||| 00| 0
007 ta
008 221006b |||||||| |||| 00| 0 jpn d
020 _c400.00
024 _a23,760
037 _cTextual
040 _aEASL
_cEASL
_bjpn
041 _2jpn
_ajpn
100 _aUEDA
_9656568
245 0 _aUeda's daijiten
_b A Japanese dictionary of Chinese characters
260 _an
_bHarvard University Press
_c1942
300 _a16000p.
_ccm.
650 _aJL
942 _cTEXL
_2CC
999 _c1091846
_d1091846